Loading...
| Arts - Music | 6 | 6.67 | 67% | 0% | 0% | 
| Arts - Other Arts | 2 | 10.00 | 50% | 50% | 0% | 
| Arts - Painting | 2 | 10.00 | 100% | 0% | 0% | 
| History - American | 1 | 10.00 | 100% | 0% | 0% | 
| History - American History | 2 | 10.00 | 100% | 0% | 0% | 
| History - European | 2 | 15.00 | 100% | 50% | 0% | 
| History - Other History | 3 | 10.00 | 67% | 33% | 0% | 
| History - World History | 1 | 10.00 | 100% | 0% | 0% | 
| Literature - British Lit | 4 | 5.00 | 50% | 0% | 0% | 
| Literature - World Lit | 2 | 10.00 | 50% | 50% | 0% | 
| Mythology | 1 | 0.00 | 0% | 0% | 0% | 
| Other - Geo/CE | 4 | 7.50 | 75% | 0% | 0% | 
| Other Academic | 3 | 3.33 | 33% | 0% | 0% | 
| Pop Culture | 1 | 0.00 | 0% | 0% | 0% | 
| Religion | 1 | 10.00 | 100% | 0% | 0% | 
| Science - Chemistry | 1 | 10.00 | 100% | 0% | 0% | 
| Science - Other Science | 2 | 5.00 | 50% | 0% | 0% | 
| Science - Physics | 3 | 3.33 | 33% | 0% | 0% | 
| Thought - Philosophy | 2 | 10.00 | 100% | 0% | 0% | 
| Thought - Social Science | 4 | 5.00 | 50% | 0% | 0% |